000 00390nam a22001697a 4500
005 20160621110953.0
008 160621b xxu||||| |||| 00| 0 eng d
020 _a978-81-317-1683-0
041 _aeng
082 _b8682
100 _aKother, Philip and others
_92367
245 _aMarketing Management
260 _bPearsen
300 _a647
650 _aManagement
_9241
942 _cBK
999 _c3349
_d3348